[Event "AUTO-ADV-177"]
[Site "http://www.queenalice.com/game.php?id=71177"]
[Date "2006.5.24"]
[Round "1"]
[White "Stingray"]
[Black "venexia"]
[Result "1-0"]
[WhiteElo "1848"]
[BlackElo "1531"]

1. e4 d5 2. exd5 Qxd5 3. Nc3 Qf5 4. Nf3 e5 5. d3 Bb4 6. Be2 Nf6 7. O-O O-O 8.
Re1 Ng4 9. h3 Nf6 10. a3 Bc5 11. Be3 Bxe3 12. fxe3 Nc6 13. Rf1 Qg6 14. Nb5 Bxh3
15. Nh4 Qg5 16. Rf3 Bg4 17. Rg3 Qxh4 18. Rxg4 Nxg4 19. Bxg4 Qe7 20. Qf3 a6 21.
Nc3 Rad8 22. Rf1 g6 23. Nd5 Qc5 24. Nf6+ Kg7 25. Nd7 Qxc2 26. Qf6+ Kg8 27. Nxf8
Rxf8 28. Be6 Nd8 29. Bc4 b5 30. Bd5 Qxd3 31. Qxe5 c6 32. Ba2 Qd7 33. Rf6 Qd1+
34. Rf1 Qd2 35. Rf2 Qd7 36. Rf6 a5 37. Rd6 Qc7 38. Rxg6+ hxg6 39. Qxc7 a4 40.
Qe7 Kg7 41. g4 c5 42. Qxc5 Re8 43. Qd4+ Kf8 44. Qd7 Ne6 45. Qxb5 Nc7 46. Qxa4
Rxe3 47. Qc4 Re7 48. a4 Ne6 49. b4 Ra7 50. Bb3 Kg7 51. b5 Ng5 52. Qd4+ f6 53.
Qxa7+ Kh6 54. Qe7 Nf3+ 55. Kf2 Nh2 56. Kg3 Nf1+ 57. Kf4 g5+ 58. Kf5 Nd2 59. Qf8+
Kh7 60. Qg8+ 1-0

[Event "AUTO-ADV-177"]
[Site "http://www.queenalice.com/game.php?id=71178"]
[Date "2006.5.24"]
[Round "1"]
[White "venexia"]
[Black "azumi"]
[Result "1-0"]
[WhiteElo "1516"]
[BlackElo "1420"]

1. Nf3 Nc6 2. d4 d5 3. h3 Nf6 4. e3 Bf5 5. Bd3 Bxd3 6. Qxd3 Ne4 7. O-O g5 8. Ne5
Nxe5 9. dxe5 h5 10. Rd1 e6 11. Nc3 Nxc3 12. Qxc3 g4 13. hxg4 hxg4 14. g3 Qg5 15.
Kf1 O-O-O 16. e4 Qh5 17. Ke2 b6 18. b3 Bc5 19. exd5 exd5 20. b4 d4 21. Qd3 Qxe5+
22. Kf1 Bxb4 23. Bf4 Qd5 24. a3 Qh1+ 25. Ke2 Rhe8+ 26. Be3 dxe3 27. Qxd8+ Rxd8
28. Rxh1 Rd2+ 29. Kxe3 Bc3 30. Rh4 Rd4 31. Rb1 c5 32. Rh7 Rd7 33. Kf4 1-0

[Event "AUTO-ADV-177"]
[Site "http://www.queenalice.com/game.php?id=71179"]
[Date "2006.5.24"]
[Round "1"]
[White "azumi"]
[Black "venexia"]
[Result "0-1"]
[WhiteElo "1522"]
[BlackElo "1501"]

1. d4 d5 2. Nc3 Nf6 3. Bg5 h6 4. Bxf6 exf6 5. h3 Bb4 6. a3 Bxc3+ 7. bxc3 O-O 8.
Nf3 Nc6 9. e3 Re8 10. Bd3 f5 11. O-O a5 12. c4 dxc4 13. Bxc4 Be6 14. Bxe6 Rxe6
15. Nh4 Qxh4 16. c4 Rd8 17. Qb3 Rg6 18. Qxb7 Qg5 19. Qxc6 Rxc6 20. c5 Rb8 21. f4
Qg6 22. Rab1 Rxb1 23. Rxb1 Qg3 24. Rb8+ Kh7 25. Rf8 Rg6 26. Rxf7 Qxg2# 0-1

[Event "Italy x Brazil"]
[Site "http://www.queenalice.com/game.php?id=71211"]
[Date "2006.5.24"]
[Round "-"]
[White "venexia"]
[Black "franckscarduelli"]
[Result "1-0"]
[WhiteElo "1453"]
[BlackElo "1527"]

1. Nf3 d5 2. d4 f6 3. h3 Nc6 4. e3 f5 5. Bb5 Bd7 6. O-O a6 7. Bd3 e6 8. Nc3 Bd6
9. a3 Qf6 10. b4 e5 11. Re1 e4 12. Nxd5 Qg6 13. Nh4 Qg5 14. Nxf5 Qxf5 15. Bc4
Nh6 16. Nc3 Be6 17. d5 Ne5 18. Be2 Bd7 19. Qd4 Qg6 20. Nxe4 Bxh3 21. g3 O-O 22.
b5 c5 23. bxc6 bxc6 24. dxc6 Nhg4 25. Bxg4 Nxg4 26. Re2 Rae8 27. Qd5+ Re6 28.
Nxd6 Rd8 29. c7 Re8 30. c8=Q Rxc8 31. Nxc8 Kf8 32. a4 Kg8 33. Ne7+ Kf7 34. Nxg6
hxg6 35. Qb7+ Kf8 36. Ba3+ Kg8 37. Qc8+ Kh7 38. Qxe6 Nxf2 39. Qxa6 Ne4 40. Rh2
Ng5 41. Be7 Nf3+ 42. Kh1 Nxh2 43. Kxh2 Bg4 44. Qa7 Bd7 45. Qxd7 g5 46. Bf8 Kg8
47. Qxg7# 1-0

[Event "AUTO-INT-66"]
[Site "http://www.queenalice.com/game.php?id=72881"]
[Date "2006.5.30"]
[Round "2"]
[White "barcino"]
[Black "venexia"]
[Result "0-1"]
[WhiteElo "1561"]
[BlackElo "1440"]

1. e3 Nf6 2. b3 d5 3. h3 g6 4. Nc3 Bh6 5. Qf3 O-O 6. Nb5 a6 7. Nd4 c5 8. Nde2
Nc6 9. Bb2 Nb4 10. Kd1 Bf5 11. d3 c4 12. bxc4 dxc4 13. Qxb7 Rb8 14. Qf3 cxd3 15.
Nd4 dxc2+ 16. Kc1 Rc8 17. Nxf5 Bg7 18. Qb7 Qd1# 0-1

[Event "AUTO-INT-66"]
[Site "http://www.queenalice.com/game.php?id=72882"]
[Date "2006.5.30"]
[Round "2"]
[White "venexia"]
[Black "barcino"]
[Result "0-1"]
[WhiteElo "1512"]
[BlackElo "1524"]

1. c4 e6 2. d4 Bb4+ 3. Bd2 a5 4. a3 Bd6 5. c5 Be7 6. Nf3 Nc6 7. g3 Bf6 8. Bg2
Nxd4 9. Bc3 Nxf3+ 10. Bxf3 Qe7 11. b4 axb4 12. Bxb4 Bxa1 13. Nc3 Bxc3+ 14. Bxc3
Nf6 15. O-O Qxc5 16. Qa1 Rxa3 17. Qb2 Rxc3 18. Qa1 O-O 19. Qb1 b6 20. Rd1 d5 21.
Kg2 h5 22. e3 g5 23. Rd4 g4 24. Be2 Ne4 25. Bd3 Bb7 26. Rb4 Ra8 27. Rb5 Qa3 28.
Qb4 Rxd3 29. Qxa3 Raxa3 30. Rb2 d4 31. exd4 Nxg3+ 0-1

[Event "AUTO-INT-66"]
[Site "http://www.queenalice.com/game.php?id=72885"]
[Date "2006.5.30"]
[Round "2"]
[White "Cesar"]
[Black "venexia"]
[Result "1-0"]
[WhiteElo "1616"]
[BlackElo "1544"]

1. e4 e5 2. Nf3 d6 3. Nc3 Nf6 4. Bc4 c6 5. a3 Bg4 6. h3 Bd7 7. d3 h6 8. Bd2 d5
9. exd5 cxd5 10. Nxd5 Bc6 11. Ne3 Bc5 12. Nxe5 Bd5 13. Nxd5 Nxd5 14. Qf3 f6 15.
Qh5+ Ke7 16. Nf7 Qd7 17. Nxh8 Qe6+ 18. Kd1 Kd6 19. Bf4+ Kc6 20. Re1 Qd7 21. Bg3
b5 22. Bxd5+ Qxd5 23. Qe8+ Kb7 24. Qxb5+ Kc8 25. Re8+ Qd8 26. Qxc5+ Kd7 27. Qd6+
1-0

[Event "AUTO-INT-66"]
[Site "http://www.queenalice.com/game.php?id=72886"]
[Date "2006.5.30"]
[Round "2"]
[White "venexia"]
[Black "Cesar"]
[Result "0-1"]
[WhiteElo "1543"]
[BlackElo "1729"]

1. Nf3 g6 2. g3 Bg7 3. Bg2 c6 4. O-O d6 5. d4 Bg4 6. e4 Nd7 7. Nc3 Ngf6 8. Qe1
e5 9. dxe5 dxe5 10. Bg5 O-O 11. Rd1 Bxf3 12. Bxf3 h6 13. Be3 g5 14. Rd6 Ne8 15.
Rd3 Qe7 16. Qd2 Ndf6 17. a3 Nc7 18. Na4 b6 19. b4 Rfd8 20. Rd1 Ne6 21. Qc3 Rxd3
22. Qxd3 Rd8 23. Qa6 Rxd1+ 24. Bxd1 Nxe4 25. Qc8+ Nf8 26. Qxc6 Nf6 27. c4 N8d7
28. Qb7 Qd6 29. Be2 a5 30. c5 bxc5 31. Bxc5 Nxc5 32. bxc5 Qd2 33. Bc4 Qc1+ 34.
Bf1 Qxa3 35. Qa8+ Bf8 36. Qxa5 Nd7 37. c6 Nc5 38. Bb5 Qc1+ 39. Kg2 Ne4 40. Nb6
Qc5 41. Nd7 Qxf2+ 42. Kh3 Bd6 43. c7 Bxc7 44. Qxc7 Qf5+ 45. Kg2 Kg7 46. Bc4 Qf2+
47. Kh3 Qf5+ 48. Kg2 g4 49. Qb6 Qxd7 50. Qe3 Qd2+ 51. Qxd2 Nxd2 52. Be2 h5 53.
h3 f5 54. hxg4 hxg4 55. Kf2 Ne4+ 56. Kg2 Kf6 57. Bd3 Nc5 58. Bb1 f4 59. gxf4
exf4 60. Ba2 Nd3 61. Bd5 Ke5 62. Bc4 Kd4 63. Be6 g3 64. Kf3 Ke5 65. Bc4 Ne1+ 66.
Ke2 Ng2 67. Kf1 f3 68. Ba6 Ne3+ 69. Ke1 Kf4 70. Bf1 Nxf1 71. Kxf1 Ke3 72. Kg1
f2+ 73. Kg2 Ke2 74. Kxg3 f1=Q 75. Kg4 Qf6 76. Kg3 Qf5 77. Kg2 Qg4+ 78. Kh2 Kf2
79. Kh1 Qg2# 0-1

[Event "QA-ANNIV-02"]
[Site "http://www.queenalice.com/game.php?id=76763"]
[Date "2006.6.15"]
[Round "1"]
[White "venexia"]
[Black "marison"]
[Result "0-1"]
[WhiteElo "1471"]
[BlackElo "1654"]

1. Nf3 Nc6 2. d4 d5 3. e3 Nf6 4. Bb5 Bd7 5. O-O a6 6. Bxc6 Bxc6 7. Ne5 Qd6 8.
Nc3 Qe6 9. h3 O-O-O 10. b4 Ne4 11. Qd3 f6 12. Ng4 h5 13. Nh2 g5 14. f3 Nxc3 15.
Qxc3 f5 16. Rb1 Bb5 17. Re1 g4 18. fxg4 hxg4 19. e4 gxh3 20. gxh3 Rg8+ 21. Kf2
fxe4 22. a4 Qf5+ 23. Nf3 exf3 24. Qxf3 Qxc2+ 25. Ke3 Bxa4 26. Bd2 Bh6+ 27. Ke2
Qxd2+ 28. Kf1 Bb5+ 29. Re2 Bxe2+ 30. Qxe2 Rg1+ 31. Kf2 Rxb1 32. Qxd2 Bxd2 33. h4
Rg8 0-1

[Event "FRA06"]
[Site "http://www.queenalice.com/game.php?id=79166"]
[Date "2006.6.22"]
[Round "-"]
[White "venexia"]
[Black "mauricio_sm"]
[Result "0-1"]
[WhiteElo "1558"]
[BlackElo "1600"]

1. Nf3 d6 2. d4 Nf6 3. h3 g6 4. e3 a6 5. Bc4 b5 6. Bb3 Bg7 7. O-O O-O 8. Nc3 Bb7
9. Qe2 c5 10. dxc5 dxc5 11. Rd1 Qc7 12. e4 c4 13. e5 Nfd7 14. e6 Nc5 15. exf7+
Rxf7 16. Ng5 Rf8 17. Bxc4+ bxc4 18. Qxc4+ e6 19. b4 Qc6 20. f3 Na4 21. b5 Qxc4
22. Nxa4 Bxa1 0-1

[Event "AUTO-ADV-136"]
[Site "http://www.queenalice.com/game.php?id=84641"]
[Date "2006.7.11"]
[Round "2"]
[White "venexia"]
[Black "marte"]
[Result "0-1"]
[WhiteElo "1496"]
[BlackElo "2125"]

1. Nf3 d5 2. d4 Nf6 3. h3 e6 4. Ne5 Be7 5. e3 O-O 6. Bd3 c5 7. dxc5 Bxc5 8. O-O
Nbd7 9. Ng4 a6 10. Qf3 Nxg4 11. Qxg4 Ne5 12. Qg3 Bd6 13. e4 d4 14. c3 Ng6 15.
Qf3 e5 16. cxd4 exd4 17. e5 Nxe5 18. Qe4 Nxd3 19. Qxd3 b5 20. Qxd4 Bh2+ 21. Kxh2
Qxd4 22. Nd2 Bb7 23. Rb1 Rac8 24. Nf3 Bxf3 25. gxf3 Rc2 26. Be3 Qe5+ 27. Kg1
Rfc8 28. Rbd1 h6 29. Rd7 Qf5 30. Rfd1 Qxh3 31. R7d2 Rxd2 32. Bxd2 Qxf3 33. Re1
h5 34. Bg5 Qg4+ 35. Kf1 Qxg5 36. b3 h4 37. Re3 Qg4 38. a4 Rc1+ 39. Re1 Qh3+ 40.
Ke2 Qe6+ 0-1

[Event "AUTO-ADV-136"]
[Site "http://www.queenalice.com/game.php?id=84642"]
[Date "2006.7.11"]
[Round "2"]
[White "marte"]
[Black "venexia"]
[Result "1-0"]
[WhiteElo "2114"]
[BlackElo "1514"]

1. d4 d5 2. c4 dxc4 3. e3 Qd5 4. Nc3 Qa5 5. Bxc4 Nf6 6. Bd2 Qf5 7. Nf3 Qg4 8.
O-O Qd7 9. Ne5 Qf5 10. Bxf7+ Kd8 11. Bc4 Be6 12. Bd3 Qg5 13. e4 Qh4 14. d5 Bd7
15. Nf7+ Ke8 16. Nxh8 g6 17. Qf3 Bg7 18. e5 Ng4 19. Qf7+ Kd8 20. Qg8+ Be8 21.
Nf7+ Kd7 22. e6+ Kc8 23. Qxe8# 1-0

[Event "AUTO-ADV-159"]
[Site "http://www.queenalice.com/game.php?id=99469"]
[Date "2006.8.25"]
[Round "2"]
[White "erasmus"]
[Black "venexia"]
[Result "1-0"]
[WhiteElo "1817"]
[BlackElo "1569"]

1. e4 d5 2. exd5 Qxd5 3. Nc3 Qe5+ 4. Be2 b6 5. Nf3 Qf6 6. O-O Qg6 7. d4 Bh3 8.
Ng5 Bf5 9. Bh5 Qc6 10. Bxf7+ Kd8 11. Bd5 Qc4 12. Bxc4 Nd7 13. Nf7+ 1-0

[Event "AUTO-ADV-159"]
[Site "http://www.queenalice.com/game.php?id=99470"]
[Date "2006.8.25"]
[Round "2"]
[White "venexia"]
[Black "erasmus"]
[Result "0-1"]
[WhiteElo "1546"]
[BlackElo "1869"]

1. Nf3 Nf6 2. Nc3 c5 3. e4 d6 4. Bb5+ Nc6 5. O-O g6 6. Ng5 Bg7 7. Nd5 O-O 8. c3
h6 9. Nh3 Bxh3 10. gxh3 Nxe4 11. d3 Ng5 12. Bxg5 hxg5 13. Re1 e6 14. Ne3 a6 15.
Ba4 b5 16. Bb3 d5 17. Kf1 d4 18. cxd4 Nxd4 19. Ng4 Qc7 20. Kg1 Qc6 21. Ne5 Bxe5
22. Rxe5 Nf3+ 23. Kf1 Nxe5 24. Rc1 Qh1+ 25. Ke2 Qf3+ 26. Kd2 Qxd3+ 27. Ke1 Nf3+
28. Qxf3 Qxf3 29. Rxc5 Rfd8 30. Rc3 Rd1+ 31. Bxd1 Qh1+ 32. Kd2 Rd8+ 33. Kc2
Qxd1# 0-1

[Event "AUTO-ADV-159"]
[Site "http://www.queenalice.com/game.php?id=99477"]
[Date "2006.8.25"]
[Round "2"]
[White "venexia"]
[Black "BaronFel"]
[Result "0-1"]
[WhiteElo "1555"]
[BlackElo "1734"]

1. Nf3 Nf6 2. d4 d5 3. e3 e6 4. h3 Nc6 5. Bb5 Bd7 6. O-O a6 7. Bd3 Bd6 8. Nc3
O-O 9. Ng5 h6 10. Nf3 e5 11. dxe5 Nxe5 12. b3 Qe7 13. Bb2 Ba3 14. Qc1 Bxb2 15.
Qxb2 Nxf3+ 16. gxf3 Bxh3 17. Rfe1 Nh5 18. Bf1 Qg5+ 19. Kh2 Bxf1 20. Rxf1 Rfd8
21. Rg1 Qh4+ 22. Kg2 Rd6 23. Kf1 Rad8 24. Rd1 d4 25. exd4 Rf6 26. d5 Qh3+ 27.
Ke1 Qxf3 28. Rd2 Re8+ 29. Ne2 Qxf2+ 30. Kd1 Qf1+ 31. Rxf1 Rxf1# 0-1

[Event "AUTO-ADV-159"]
[Site "http://www.queenalice.com/game.php?id=99478"]
[Date "2006.8.25"]
[Round "2"]
[White "BaronFel"]
[Black "venexia"]
[Result "1-0"]
[WhiteElo "1706"]
[BlackElo "1565"]

1. e4 d5 2. exd5 Qxd5 3. Nc3 Qe6+ 4. Be2 Nf6 5. Nb5 Qc6 6. d4 a6 7. a4 e6 8. Bf4
Bb4+ 9. c3 Bd6 10. Nxd6+ cxd6 11. Nf3 O-O 12. c4 Nbd7 13. b4 Nb6 14. b5 Qd7 15.
Bxd6 Re8 16. c5 Nbd5 17. Ne5 Qd8 18. Bf3 axb5 19. axb5 Bd7 20. Rxa8 Qxa8 21.
Nxd7 Nxd7 22. O-O Nc3 23. Qb3 Na2 24. Ra1 Qa5 25. Bxb7 Rb8 26. Bxb8 1-0